Online Catalogue and eLibrary

Women's rights, human rights : (Record no. 588)

MARC details
000 -LEADER
fixed length control field 00778cam a2200253 a 4500
001 - CONTROL NUMBER
control field 1124191
005 - DATE AND TIME OF LATEST TRANSACTION
control field 20240319065506.0
008 - FIXED-LENGTH DATA ELEMENTS--GENERAL INFORMATION
fixed length control field 940407s1995 nyu b 001 0 eng
020 ## - INTERNATIONAL STANDARD BOOK NUMBER
ISBN 0415909945 (hard : acidfree paper)
020 ## - INTERNATIONAL STANDARD BOOK NUMBER
ISBN 0415909953 (pbk.)
040 ## - CATALOGING SOURCE (பட்டியலாக்க மூலம்)
Original cataloging agency DLC
Transcribing agency DLC
Modifying agency DLC
082 ## - DDC Classification
DDC Edition Number 22
Class No. 323.334.
Item Number - Author Mark WOM.
245 00 - TITLE STATEMENT
Title Women's rights, human rights :
Remainder of title international feminist perspectives /
Statement of responsibility, etc. Julie Peters and Andrea Wolper.
260 ## - PUBLICATION, DISTRIBUTION, ETC.
Place of publication, distribution, etc. New York :
Name of publisher, distributor, etc. Routledge,
Date of publication, distribution, etc. 1995.
300 ## - PHYSICAL DESCRIPTION
Extent (e.g. Volumes, Pages etc.) 372 p. ;
650 #0 - SUBJECT ADDED ENTRY--TOPICAL TERM
Topical term or geographic name entry element Women's rights.
650 #0 - SUBJECT ADDED ENTRY--TOPICAL TERM
Topical term or geographic name entry element Human rights.
650 #0 - SUBJECT ADDED ENTRY--TOPICAL TERM
Topical term or geographic name entry element Women
650 #0 - SUBJECT ADDED ENTRY--TOPICAL TERM
Topical term or geographic name entry element Feminism.
700 1# - ADDED ENTRY--PERSONAL NAME
Personal name Peters, Julie Stone.
Relator term (Role) Editor
700 1# - ADDED ENTRY--PERSONAL NAME
Personal name Wolper, Andrea.
Relator term (Role) Editor
856 42 - ELECTRONIC LOCATION AND ACCESS
Uniform Resource Identifier <a href="http://www.loc.gov/catdir/enhancements/fy0646/94015775-d.html">http://www.loc.gov/catdir/enhancements/fy0646/94015775-d.html</a>
942 ## - Koha item type (Biblio)
Koha item type Books in Stacks (Lending)
Holdings
Lost status Damaged status Collection code Home library Current library Date acquired Full call number Accession Number Item type
    Lending WERC Library WERC Library 03/19/2024 323.334. WOM. 5194 Books in Stacks (Lending)

© WERC Library